| 000 | 00723nam a22002057a 4500 | ||
|---|---|---|---|
| 999 |
_c61852 _d61852 |
||
| 005 | 20240529121524.0 | ||
| 008 | 240529s2007 enk||||| |||| 00| 0 eng d | ||
| 020 | _a9780387321653x | ||
| 041 | _aeng | ||
| 080 | _a617-001 E-80 | ||
| 245 |
_aEssentials of Orthopedic Surgery / _cEdited by Sam W. Wiesel, John N. Delahay . |
||
| 250 | _aThird edition | ||
| 264 |
_aNew York : _b Springer, _c2007. |
||
| 300 |
_a616 p.: _bill.; _c24 cm. |
||
| 653 | _aორთოპედიული ქირურგია | ||
| 653 | _aმედიცინა | ||
| 700 |
_aWiesel, Sam W. _eრედაქტორი _922217 |
||
| 700 |
_aDelahay, John N. _eრედაქტორი _922218 |
||
| 942 |
_2udc _cᲬᲘᲒᲜᲘ |
||